Airports of United Kingdom by passenger traffic (2015) Quiz Stats

 Plays Quiz not verified by Sporcle

Challenge
Share
Tweet
Embed
Score 0/19 Timer 12:00
0 Plays Today
Rank Airport % Correct
1London Heathrow Airport
99.3%
3Manchester Airport
95.4%
2London Gatwick Airport
93.9%
8Glasgow Airport
88.8%
6Edinburgh Airport
88.8%
7Birmingham Airport
85.5%
14Liverpool John Lennon Airport
82.7%
5London Luton Airport
77.9%
12Belfast International Airport
77.2%
10Newcastle International Airport
75%
Rank Airport % Correct
4London Stansted Airport
74.8%
19Cardiff Airport
74.4%
17George Best Belfast City Airport
73.8%
16Leeds Bradford Airport
72.5%
9Bristol Airport
69.7%
13London City Airport
66.5%
18Southampton Airport
63.6%
11East Midlands Airport
63.4%
15Aberdeen International Airport
59.7%

You're not logged in!

Compare scores with friends on all Sporcle quizzes.
OR
Log In

You Might Also Like...

Show Comments

Extras

Top Quizzes Today


Score Distribution

Your Account Isn't Verified!

In order to create a playlist on Sporcle, you need to verify the email address you used during registration. Go to your Sporcle Settings to finish the process.

Report this User

Report this user for behavior that violates our Community Guidelines.

Details: